Normal view
MARC view
Entry Meeting Name
001 - CONTROL NUMBER
- control field: 29217
003 - CONTROL NUMBER IDENTIFIER
- control field: dpl
005 - DATE AND TIME OF LATEST TRANSACTION
- control field: 20110707140354.0
008 - FIXED-LENGTH DATA ELEMENTS
- fixed length control field: 110707|||a|||||| | ||| d
040 ## - CATALOGING SOURCE
- Original cataloging agency: dpl
- Transcribing agency: dpl
111 ## - HEADING--MEETING NAME
- Meeting name or jurisdiction name as entry element: International Conference of Islamization of Knowledge
- Location of meeting: Islāmābād, Pakistan)
- Date of meeting: 1982 :
- Number of part/section/meeting: (2nd :
670 ## - SOURCE DATA FOUND
- Source citation: Work cat.: (dpl)53583: 29133, Islam :, 2010
670 ## - SOURCE DATA FOUND
- Source citation: Work cat.: (dpl)53583: 29133, Islam :, 2010
